Príručka slovenského pravopisu pre školy a prax

Enregistré dans:
Détails bibliographiques
Autres auteurs: Ripka, Ivor
Format: Livre
Langue:slovaque
Publié: Bratislava Ottovo nakladateľstvo 2005
Sujets:
Tags: Ajouter un tag
Pas de tags, Soyez le premier à ajouter un tag!

MARC

LEADER 00000nam$a2200000$$$4500
001 0046314
005 20240313133422.6
020 |a 80-969159-1-6 
041 0 |a slo 
044 |a SK 
245 1 0 |a Príručka slovenského pravopisu pre školy a prax  |c zostavili: Ivor Ripka, ... [et al.] 
264 1 |a Bratislava  |b Ottovo nakladateľstvo  |c 2005 
300 |a 672 s. 
610 2 0 |a jazykoveda 
610 2 0 |a terminológia 
610 2 0 |a slovenčina 
610 2 0 |a poradenstvo 
700 1 |a Ripka, Ivor